000
00202 a2200097 4500
001
45642
100
_a
Stone R
245
_a
A flay for sunrise
260
_a
London
_b
Picador
_c
090
_c
28815
_d
28815
942
_a
NUST-CAE
_c
M
_c
20908
999
_c
280715
_d
280715